Mozart Grand Tour on a map - Statistics

General Stats
  • This quiz has been taken 487 times
  • The average score is 15 of 23
Answers on the Map
Answers color-coded by a green-red scale on the quiz's map according to % correct below.
 
Answer Stats
Answer % Correct
London
98%
Paris
96%
Amsterdam
94%
Brussels
91%
Salzburg
88%
Munich
87%
Lyon
80%
Frankfurt
79%
Zurich
79%
Antwerp
72%
Cologne
72%
Calais
71%
Geneva
71%
The Hague
70%
Dover
67%
Lille
53%
Ghent
50%
Utrecht
49%
Liège
44%
Dijon
38%
Mainz
32%
Mannheim
32%
Haarlem
26%
No matching quizzes found
Score Distribution
Percent of People with Each Score
Percentile by Number Answered
Your Score History
You have not taken this quiz